000 00474nam a2200169 a 4500
005 20230602063531.0
008 991125s1962 mx 000 0 spa u
035 _aUPN01000000077
049 _aCG
050 4 _aPQ7203
_bT72
245 0 0 _a33 Cuentos mexicanos /
_cselec. por Felipe Sánchez Murguía.
260 _aMéxico :
_bMagisterio,
_c1962.
300 _a183 p.
650 4 _aCuentos mexicanos
_96937
700 1 _aSánchez Murguía, Felipe,
_ecomp.
_929939
905 _aLibro
999 _c77
_d77